000 00920nam a22002777a 4500
001
003 DO-SdBNP
005 20240118081346.0
007 001143
008 160815b2000 mx 00| 0 spa d
020 _a9706610839
040 _aBPMSU
_bspa
_cBPMSU
082 4 _a796.01
_bV432c 2000
_222
100 1 _aVelarte, Eduardo
_d
245 1 0 _a¡Claro que sí se puede! :
_bcómo hacer campeones a nuestros deportistas /
_cEduardo Velarde
246 1 3 _a¡Claro que sí se puede! :
_bmanual para hacer campeones a nuestros deportistas
260 _aMéxico :
_bCentro Cultural EDAMEX,
_c2000
300 _a122 p. ;
_c23 cm.
_b
504 _aBibliografías : p. 313-317
590 _aInventariado, 2023/VM
_6
650 4 _aPsicología del deporte
_x
_c
650 4 _aDeportes
_xAspectos psicológicos
650 4 _aEntrenamiento deportivo
_vGuías
910 _aVMateo V. Control de calidad BPMSU
942 _2ddc
_cBK
999 _c14475
_d14475